|
|
|
|
| LEADER |
03058nam a22005535i 4500 |
| 001 |
978-3-540-87357-0 |
| 003 |
DE-He213 |
| 005 |
20151031091006.0 |
| 007 |
cr nn 008mamaa |
| 008 |
100301s2008 gw | s |||| 0|eng d |
| 020 |
|
|
|a 9783540873570
|9 978-3-540-87357-0
|
| 024 |
7 |
|
|a 10.1007/978-3-540-87357-0
|2 doi
|
| 040 |
|
|
|d GrThAP
|
| 050 |
|
4 |
|a TK5105.5-5105.9
|
| 072 |
|
7 |
|a UKN
|2 bicssc
|
| 072 |
|
7 |
|a COM075000
|2 bisacsh
|
| 082 |
0 |
4 |
|a 004.6
|2 23
|
| 245 |
1 |
0 |
|a IP Operations and Management
|h [electronic resource] :
|b 8th IEEE International Workshop, IPOM 2008, Samos Island, Greece, September 22-26, 2008. Proceedings /
|c edited by Nail Akar, Michal Pioro, Charalabos Skianis.
|
| 264 |
|
1 |
|a Berlin, Heidelberg :
|b Springer Berlin Heidelberg,
|c 2008.
|
| 300 |
|
|
|a XII, 160 p.
|b online resource.
|
| 336 |
|
|
|a text
|b txt
|2 rdacontent
|
| 337 |
|
|
|a computer
|b c
|2 rdamedia
|
| 338 |
|
|
|a online resource
|b cr
|2 rdacarrier
|
| 347 |
|
|
|a text file
|b PDF
|2 rda
|
| 490 |
1 |
|
|a Lecture Notes in Computer Science,
|x 0302-9743 ;
|v 5275
|
| 505 |
0 |
|
|a Network Anomaly Detection -- Towards Anomaly Detection in One-Way Delay Measurements for 3G Mobile Networks: A Preliminary Study -- Anomaly Characterization in Flow-Based Traffic Time Series -- Diagnosis of IP-Service Anomalies Based on BGP-Update Temporal Analysis -- Traffic Engineering, Protection, and Recovery -- Achieving Fast BGP Reroute with Traffic Engineering Using Multiple Routing Planes -- Load-Balanced IP Fast Failure Recovery -- A Study on Two New Protection Strategies -- Network Measurements and Applications -- IP Multicast Traffic Measurement Method with IPFIX/PSAMP -- An Enhanced SNTP (ESNTP) Clock Synchronization for High-Precision Network QoS Measurements -- Optimum Identification of Worm-Infected Hosts -- Network Management and Security -- Session-Based QoS Management Architecture for Wireless Local Area Networks -- Low-Latency Parallel Transport in Anonymous Peer-to-Peer Overlays -- SEM: A Security Evaluation Model for Inter-domain Routing System in the Internet.
|
| 650 |
|
0 |
|a Computer science.
|
| 650 |
|
0 |
|a Computer communication systems.
|
| 650 |
|
0 |
|a Computer system failures.
|
| 650 |
|
0 |
|a Computer security.
|
| 650 |
|
0 |
|a Data encryption (Computer science).
|
| 650 |
|
0 |
|a Management information systems.
|
| 650 |
1 |
4 |
|a Computer Science.
|
| 650 |
2 |
4 |
|a Computer Communication Networks.
|
| 650 |
2 |
4 |
|a Management of Computing and Information Systems.
|
| 650 |
2 |
4 |
|a System Performance and Evaluation.
|
| 650 |
2 |
4 |
|a Data Encryption.
|
| 650 |
2 |
4 |
|a Systems and Data Security.
|
| 700 |
1 |
|
|a Akar, Nail.
|e editor.
|
| 700 |
1 |
|
|a Pioro, Michal.
|e editor.
|
| 700 |
1 |
|
|a Skianis, Charalabos.
|e editor.
|
| 710 |
2 |
|
|a SpringerLink (Online service)
|
| 773 |
0 |
|
|t Springer eBooks
|
| 776 |
0 |
8 |
|i Printed edition:
|z 9783540873563
|
| 830 |
|
0 |
|a Lecture Notes in Computer Science,
|x 0302-9743 ;
|v 5275
|
| 856 |
4 |
0 |
|u http://dx.doi.org/10.1007/978-3-540-87357-0
|z Full Text via HEAL-Link
|
| 912 |
|
|
|a ZDB-2-SCS
|
| 912 |
|
|
|a ZDB-2-LNC
|
| 950 |
|
|
|a Computer Science (Springer-11645)
|